00000000nas##2200000za#4500
0019.510819
003CaOODSP
00520210305160057
007ta
008150406c2002||||xxc|| p #||||f|   |0fre|d
022 |a1485-2888
040 |aCaOODSP|bfre
041 |aeng
041 |afre
043 |an-cn---
0861 |aYC3-371/3
1101 |aCanada. |bParlement. |bComité mixte permanent de la Bibliothèque du Parlement.
24510|aComité mixte permanent des Bibliothèque du Parlement, délibérations / |cCoprésidentes: L'honorable sénateur Vivienne Poy, Carolyn Bennett, députée
260 |bSénat et Chambre des communes.
310 |aIrrégulier
3621 |a1re session, 37 législature, 2001-2002
7201 |aPoy, Vivienne
791 |tStanding Joint Committee on Library of Parliament, proceedings / |eeng|w(CaOODSP)9.510818